000 00725nac a22002651i 4500
003 EG-ScBUE
005 20260106093550.0
008 260106t2007 gw a g 000 0 eng d
020 _a9783937718620
040 _aEG-ScBUE
_beng
_erda
_cEG-ScBUE
_dEG-ScBUE
082 0 4 _a745.4
_bSHO
_222
245 0 0 _ashow design
264 1 _aCologne :
_bDaab,
_c[2007]
264 4 _cc2007
300 _a399 pages :
_bcolor illustrations ;
_c23 cm
336 _2rdacontent
_atext
_btxt
337 _2rdamedia
_aunmediated
_bn
338 _2rdacarrier
_avolume
_bnc
500 _aIncludes index.
650 7 _aExhibitions.
_2BUEsh
650 7 _aFairs.
_2BUEsh
650 7 _aDesign.
_2BUEsh
655 _vReading book
942 _cBB
_2ddc
999 _c8198
_d8198